Instauratio magna

Сохранить в:
Библиографические подробности
Главный автор: Bacon, Francis (Автор)
Формат:
Язык:испанский
Опубликовано: Ciudad de México Porrúa 1975
Серии:Colección Sepan Cuántos..., 293
Предметы:
Метки: Добавить метку
Нет меток, Требуется 1-ая метка записи!

MARC

LEADER 00000nam a2200000 a 4500
001 UCZ2664
003 CL-VaPUC
005 20220718084414.0
008 951005e19750000MX |||||||||||||||||spa|d
999 |c 239223  |d 239221 
040 |c Pontificia Universidad Católica de Valparaíso 
082 0 4 |a 146.44  |b BAC  |2 21 
100 0 |a Bacon, Francis  |e author  |9 334502 
245 1 0 |a Instauratio magna 
246 1 0 |a Novum organum 
246 1 0 |a Nueva Atlántida 
260 |a Ciudad de México  |b Porrúa  |c 1975 
300 |a 214 p 
490 0 |a Colección Sepan Cuántos..., 293 
583 |a last modification  |c 19951005 00:00:00  |k Rodrigo Vera 
650 0 |a Ciencia  |9 255691 
650 0 |a Tecnología  |9 256742 
650 0 |a Sociedad  |9 307903 
650 0 |a Cambio social   |9 256857 
650 0 |a Empirismo  |9 255037 
650 0 |a Escuelas filosóficas   |9 266232 
942 |c BK  |2 ddc 
945 |d 19951005 00:00:00  |a cmena 
952 |0 0  |1 0  |4 0  |6 146_440000000000000_BAC_1975  |7 0  |8 A  |9 250165  |a BIBEDU  |b BIBEDU  |d 2019-11-18  |i 1569791  |o 146.44 BAC 1975  |p 1569791  |r 2019-11-18  |w 2019-11-18  |y BK  |k FIL